Statistics for European Countries with the Longest Road Networks

Click here to take the quiz!

General Stats

  • This quiz has been taken 93 times
  • The average score is 15 of 16

Answer Stats

Length (km)Answer% Correct
1,090,222France
99%
644,480Germany
99%
1,529,373Russia
99%
683,175Spain
99%
397,039United Kingdom
99%
169,496Ukraine
98%
487,700Italy
97%
579,564Sweden
97%
423,997Poland
93%
124,508Austria
92%
130,671Czech Republic
91%
454,000Finland
91%
116,986Greece
91%
210,791Hungary
88%
139,691Netherlands
88%
154,012Belgium
84%

Score Distribution

Percentile by Number Answered

Percent of People with Each Score

Your Score History

You have not taken this quiz